Statistics for Eurovision 2017 - Guess the Lyrics

Click here to take the quiz!

General Stats

  • This quiz has been taken 22 times
  • The average score is 23 of 42

Answer Stats

HintAnswer% Correct
Piovono gocce di Chanel
Su corpi asettici
Italy
100%
All alone in the danger zone
Are you ready to take my hand?
Belgium
94%
Les étincelles deviennent des flammes
Les petites filles deviennent des femmes
France
94%
Y verás que por los tuyos siempre vale la pena
Así que
Spain
94%
Mért hazudtad azt nekem
Hogy nem számít a színem
Hungary
89%
Even up against the wall
Our love is untouchable
Bulgaria
83%
Meu bem, ouve as minhas preces
Peço que regresses, que me voltes a querer
Portugal
83%
Let's explore this galaxy of starsMontenegro
78%
All I see is you, all I see,
All I see is you, all I see
Latvia
67%
So when it's all or nothing
I get that good vibe buzzing
Norway
67%
If you never try, you'll never be alive
You are gonna miss out on this ride!
Romania
61%
If you could see how far you've walked
You would see that all's not lost
United Kingdom
61%
Let the love unite us all Albania
56%
And I'll keep running as fast as I can
I'll keep running
I won't stop, I won't stop, no no
Austria
56%
When we hook up it's fantasy
We're just like alchemy
I've never been so ready
Azerbaijan
56%
Putting up my walls so that I'll last better
Dunno why I do it because we're together
Denmark
56%
I was always trying to tell the truth
Before the romance turned to drama
Estonia
56%
I'll keep you safe in my arms
Build a bridge to your heart everyday
Ireland
56%
Fire, like a burning desire,
Taking me higher,
Poland
56%
Take down my hair, wash off my make-up
It's gonna be a one-man show
North Macedonia
50%
Hey, are you the one to take my pain?
Just take my hand
I've been so hurt before, it's hard to trust again
You know I understand
San Marino
50%
How you spin me around high off the ground
I'm not coming down
Serbia
50%
World is calling out tonight
Telling me I'll be alright
Lights will guide you through the night
Slovenia
50%
With just one look you make me shiver
I just wanna take you home
Sweden
50%
Over deeps, over hills
She casts her wings and now it feels
Love is one
Armenia
44%
Right beside you
I'll never leave you
Cyprus
44%
So, here I am
Right at your door
Catching my breath before the storm
Malta
44%
And if you think I've got a heart of stone
You couldn't be more wrong, ohh...
Australia
39%
You know that I love it when you call
Just to say hello, oh oh
Will you let me hear it once more?
Czech Republic
39%
Don't nestle here, go find lovers of your own
I am now alone
Finland
39%
I have lost many times
But I've never lost my hope
Georgia
39%
There's an echo in my head
There's a story still unread
Greece
39%
I love you right
But you make me feel like
Iceland
39%
It's like an hourglass
And you're like trouble
Israel
39%
Making a start, making a start
Making a start and let the light shine through me
Lithuania
39%
It's your girl and maybe should sleep at home
But I'll steal her alone
Moldova
39%
So when the walls are caving in
The world keeps turning
We got the love
Switzerland
39%
Dzie budzieš ty ja adšukaju
Jarkija momanty znojdziem chučej
Belarus
33%
Io so che esiste
Guarda meglio su
Croatia
33%
I look for the sweet in every bitter moment tasted
In every last mistake I see the other side
Germany
33%
'Cause you are so much more to me
Than the one who lifts us on your shoulders
I can only hope once you fly you'll be free
Netherlands
28%
You will realize there's no common ground
There's no compromise between the time and sound
Ukraine
28%

Score Distribution

Percentile by Number Answered

Percent of People with Each Score

Your Score History

You have not taken this quiz